Estates Gazette (Record no. 118544)

MARC details
000 -LEADER
fixed length control field 01086cas a22002175a 4500
001 - CONTROL NUMBER
control field L141240
008 - FIXED-LENGTH DATA ELEMENTS--GENERAL INFORMATION
fixed length control field 070719c1858 xxkwr p 0 a0eng
022 1# - INTERNATIONAL STANDARD SERIAL NUMBER
International Standard Serial Number 0014-1240
035 ## - SYSTEM CONTROL NUMBER
System control number (Sirsi) u98839
041 0# - LANGUAGE CODE
Language code of text/sound track or separate title eng
245 00 - TITLE STATEMENT
Title Estates Gazette
260 ## - PUBLICATION, DISTRIBUTION, ETC.
Place of publication, distribution, etc. London
Name of publisher, distributor, etc. Estates Gazette
Date of publication, distribution, etc. 1858-
362 ## - DATES OF PUBLICATION AND/OR SEQUENTIAL DESIGNATION
Dates of publication and/or sequential designation London: 1885-
362 0# - DATES OF PUBLICATION AND/OR SEQUENTIAL DESIGNATION
Dates of publication and/or sequential designation Edinburgh: 1981-
500 ## - GENERAL NOTE
General note Estates Gazette gap in collection after 7 March 2020 issue and before Jan 2023 issue. Recent issues are left on the table of the main library (not to be removed and for reference only). Older volumes are either on the gallery which are not accessible to the public. 2010 to 2019 available in the library area. 1982 issues which are popular for valuations are kept in a secure location and you should contact [email protected] to arrange to see these volumes.
651 #4 - SUBJECT ADDED ENTRY--GEOGRAPHIC NAME
Geographic name United Kingdom
690 ## - LOCAL SUBJECT ADDED ENTRY--TOPICAL TERM (OCLC, RLIN)
Topical term or geographic name as entry element PROPERTY
856 41 - ELECTRONIC LOCATION AND ACCESS
Uniform Resource Identifier <a href="https://www.rics.org/profession-standards/knowledge-and-information-services">https://www.rics.org/profession-standards/knowledge-and-information-services</a>
Public note Ad hoc articles available to members via [email protected]
942 ## - ADDED ENTRY ELEMENTS (KOHA)
Suppress in OPAC 0
Source of classification or shelving scheme Dewey Decimal Classification
948 ## - LOCAL PROCESSING INFORMATION (OCLC); SERIES PART DESIGNATOR (RLIN)
c (OCLC) 03/02/1994
Holdings
Withdrawn status Lost status Source of classification or shelving scheme Damaged status Not for loan Home library Current library Shelving location Date acquired Total Checkouts Full call number Barcode Date last seen Price effective from Koha item type Public note
    Other/Generic Classification Scheme     London London Gallery 26/04/2005   ESTATES GAZETTE 98839-1001 06/08/2019 06/08/2019 Journal  
    Dewey Decimal Classification     London London Enquiry desk 26/04/2005   ESTATES GAZETTE 98839-4001 06/08/2019 06/08/2019 Journal  
    Dewey Decimal Classification     London London Gallery 26/04/2005   ESTATES GAZETTE 98839-5001 06/08/2019 06/08/2019 Journal  
    Dewey Decimal Classification     Virtual Virtual Online 05/07/2007   ONLINE JOURNAL   21/06/2023 06/08/2019 Journal Members can request ad-hoc articles via [email protected]